|
|
|
|
| LEADER |
00000nab a2200000 a 4500 |
| 001 |
vtls000733863 |
| 003 |
SK-MaSNL |
| 005 |
20260304114153.0 |
| 008 |
250429c2000 xo 0 slo |
| 015 |
|
|
|a SNBRA2000/10-25126
|
| 035 |
|
|
|a CLN000085969
|
| 035 |
|
|
|a urn:nbn:sk:snk-abd3mk
|
| 035 |
|
|
|a (urnnbn)urn:nbn:sk:snk:ar-004dtj
|
| 035 |
|
|
|a (uuid)621e1bee-910a-4e6f-b644-232c2a7f30d6
|
| 040 |
|
|
|a SNKBUCL
|b slo
|c SNKBUCL
|e AACR2
|
| 041 |
0 |
|
|a slo
|
| 044 |
|
|
|a xo
|c SK
|
| 080 |
|
|
|a 244
|2 1997
|
| 080 |
|
|
|a 885.4-1
|2 1997
|
| 080 |
|
|
|a 885.4-97
|2 1997
|
| 100 |
1 |
|
|a Hatrák, Peter
|4 aut
|9 1418559
|
| 245 |
1 |
0 |
|a Zmiluj sa
|c Peter Hatrák
|
| 650 |
0 |
7 |
|a meditatívne básne, slovenské
|2 snkbucl
|9 28788
|
| 655 |
|
7 |
|a články z novín a časopisov
|2 snkbucl
|9 267496
|
| 773 |
0 |
|
|t Slovo : časopis gréckokatolíckej cirkvi
|g Roč. 32, č. 16-17 (2000), s. 9
|
| 850 |
|
|
|a Slovenská národná knižnica
|
| 852 |
|
|
|a Slovenská národná knižnica
|
| 954 |
|
|
|a odborná, vedecká literatúra pôvodná (slovenská)
|2 lita
|
| 958 |
|
|
|a article17
|
| 958 |
|
|
|a OND
|
| 958 |
|
|
|a LX
|
| 958 |
|
|
|a SK
|
| 958 |
|
|
|a EUIPO
|
| 992 |
|
|
|a RBX
|
| 999 |
|
|
|c 2872016
|d 2873946
|